Machine DrawingNew Delhi (Record no. 29253)

MARC details
000 -LEADER
fixed length control field 00358nam a22001577a 4500
003 - CONTROL NUMBER IDENTIFIER
control field OSt
005 - DATE AND TIME OF LATEST TRANSACTION
control field 20220204103021.0
008 - FIXED-LENGTH DATA ELEMENTS--GENERAL INFORMATION
fixed length control field 220204b |||||||| |||| 00| 0 eng d
040 ## - CATALOGING SOURCE
Transcribing agency HU
082 ## - DEWEY DECIMAL CLASSIFICATION NUMBER
Classification number 621.815
100 ## - MAIN ENTRY--PERSONAL NAME
Personal name Khaliq A.
9 (RLIN) 29716
245 ## - TITLE STATEMENT
Title Machine DrawingNew Delhi
260 ## - PUBLICATION, DISTRIBUTION, ETC.
Place of publication, distribution, etc. New Delhi
Name of publisher, distributor, etc. New Delhi
300 ## - PHYSICAL DESCRIPTION
Type of unit 428
942 ## - ADDED ENTRY ELEMENTS (KOHA)
Source of classification or shelving scheme Dewey Decimal Classification
Koha item type Books like text book referance book
Suppress in OPAC No
Holdings
Withdrawn status Lost status Source of classification or shelving scheme Damaged status Not for loan Home library Current library Shelving location Date acquired Total Checkouts Full call number Barcode Date last seen Copy number Price effective from Koha item type
    Dewey Decimal Classification     IoT Library IoT Library General Stacks 02/04/2022   621.815/KHA/2004 IOTL0010515 02/04/2022 1 02/04/2022 Books like text book referance book
    Dewey Decimal Classification     IoT Library IoT Library General Stacks 02/04/2022   621.815/KHA/2004 IOTL0010516 02/04/2022 2 02/04/2022 Books like text book referance book
    Dewey Decimal Classification     IoT Library IoT Library General Stacks 02/04/2022   621.815/KHA/2004 IOTL0010517 02/04/2022 3 02/04/2022 Books like text book referance book
    Dewey Decimal Classification     IoT Library IoT Library General Stacks 02/04/2022   621.815/KHA/2004 IOTL0010518 02/04/2022 4 02/04/2022 Books like text book referance book
    Dewey Decimal Classification     IoT Library IoT Library General Stacks 02/04/2022   621.815/KHA/2004 IOTL0010519 02/04/2022 5 02/04/2022 Books like text book referance book
    Dewey Decimal Classification     IoT Library IoT Library General Stacks 02/04/2022   621.815/KHA/2004 IOTL0010520 02/04/2022 6 02/04/2022 Books like text book referance book
    Dewey Decimal Classification     IoT Library IoT Library General Stacks 02/04/2022   621.815/KHA/2004 IOTL0010521 02/04/2022 7 02/04/2022 Books like text book referance book
    Dewey Decimal Classification     IoT Library IoT Library General Stacks 02/04/2022   621.815/KHA/2004 IOTL0010522 02/04/2022 8 02/04/2022 Books like text book referance book
    Dewey Decimal Classification     IoT Library IoT Library General Stacks 02/04/2022   621.815/KHA/2004 IOTL0010523 02/04/2022 9 02/04/2022 Books like text book referance book
    Dewey Decimal Classification     IoT Library IoT Library General Stacks 02/04/2022   621.815/KHA/2004 IOTL0010524 02/04/2022 10 02/04/2022 Books like text book referance book
    Dewey Decimal Classification     IoT Library IoT Library General Stacks 11/21/2022   621.815/KHA/2004 IOTL0021539 11/21/2022 11 11/21/2022 Books like text book referance book